书目信息 |
| 题名: |
趣味物理学续编
|
|
| 作者: | 别莱利曼 , Перельман 著 ;滕砥平 译 | |
| 分册: | ||
| 出版信息: | 北京 中国青年出版社 1979 |
|
| 页数: | 293页 | |
| 开本: | 19cm | |
| 丛书名: | ||
| 单 册: | ||
| 中图分类: | O4-49 | |
| 科图分类: | ||
| 主题词: | 物理学--普及读物 | |
| 电子资源: | ||
| ISBN: | 13009.90 | |
| 000 | 00922nam0 2200277 450 | |
| 001 | 0179000987 | |
| 005 | 20100712215514.0 | |
| 010 | @a13009.90@dCNY0.69 | |
| 091 | @a13009.90 | |
| 100 | @a19950726d1979 em y0chiy0110 ea | |
| 101 | 1 | @achi@crus |
| 102 | @aCN@b110000 | |
| 105 | @ay z 000yy | |
| 106 | @ar | |
| 200 | 1 | @a趣味物理学续编@9Qu Wei Wu Li Xue Xu Bian @f(苏)别莱利曼(Я.И.Перельман)著@g滕砥平译 |
| 210 | @a北京@c中国青年出版社@d1979 | |
| 215 | @a293页@d19cm | |
| 300 | @a书名原文:Занимательная физика.книга вторая | |
| 510 | 1 | @aЗанимательная физика.книга вторая@zrus |
| 606 | 0 | @a物理学@x普及读物 |
| 690 | @aO4-49@v3 | |
| 701 | 1 | @a别莱利曼@9bie lai li man@bЯ.И.@4著 |
| 701 | 1 | @aПерельман@bЯ.И@4著 |
| 702 | 0 | @a滕砥平@9teng di ping@4译 |
| 801 | 0 | @aCN@bAzMarc@c20130904 |
| 905 | @aBZT@dO4@e1059@f4@sO4/1059 | |
| 趣味物理学续编/(苏)别莱利曼(Я.И.Перельман)著/滕砥平译.-北京:中国青年出版社,1979 |
| 293页;19cm |
| 书名原文:Занимательная физика.книга вторая |
| ISBN 13009.90:CNY0.69 |
| ● |
| 相关链接 |
|
|
|
正题名:趣味物理学续编
索取号:O4/1059
 
预约/预借
| 序号 | 登录号 | 条形码 | 馆藏地/架位号 | 状态 | 备注 |
| 1 | 2000106734 | 2000106734 | 旧书回溯/ [索取号:O4/1059] | 在馆 | |
| 2 | 2000107639 | 2000107639 | 旧书回溯/ [索取号:O4/1059] | 在馆 | |
| 3 | 2000110850 | 2000110850 | 旧书回溯/ [索取号:O4/1059] | 在馆 | |
| 4 | 2000151188 | 2000151188 | 旧书回溯/ [索取号:O4/1059] | 在馆 |